000 00883 a2200205 4500
001 15505
005 20260407155451.0
008 260407a1976 arg spa d
003 AR-UNSa-BCEJYS
040 _aAR-UNSa-BCEJYS
_bspa
_cAR-UNSa-BCEJYS
080 _a657.6
_xAuditoria (control interno)
245 1 0 _aLa auditoría contable a través de sus casos prácticos
264 1 _aBuenos Aires :
_bClub de Estudio
_c1976
300 _a419 p.
_c26 cm.
505 _a1. Programación - 2. Papeles de trabajo - 3. Control interno - 4. Rubros de activos - 5. Rubros de pasivo - 6. Estado de resultados - 7. Dictamen -
942 _cBK
590 _aniveau_biblio:m niveau_hierar:0
100 1 _aAbrevaya, Martha
856 4 1 _uhttps://biblioeco.unsa.edu.ar/pmb/images/libros/La auditor?a contable a trav?s de sus casos pr?cticos Abrevaya, Martha (1976).jpg
_yImagen de portada
_qimage/jpeg
999 _c661
_d661